Statistiken für Immigration Kanada

Klicken Sie hier um das Quiz zu spielen!

Allgemein

  • Dieses Quiz wurde 98 mal gespielt
  • Das Durchschnittsergebnis liegt bei 28 aus 40

Antwortstatistiken

PlatzLandAnzahl% Korrekt
5.Vereinigte Staaten253.715
99%
2.China649.260
96%
16.Frankreich105.570
96%
11.Deutschland145.840
94%
22.Mexiko80.590
94%
4.
Vereinigtes Königreich
499.120
93%
1.Indien668.565
92%
23.Russland78.685
92%
6.Italien236.635
86%
10.Polen146.470
83%
7.Pakistan202.255
77%
20.Niederlande88.475
76%
24.Ukraine73.030
76%
30.Ägypten64.620
75%
27.Irak68.490
75%
9.Iran154.420
75%
26.Marokko69.655
74%
34.Syrien52.955
74%
35.Afghanistan51.960
73%
32.Griechenland62.715
71%
29.Algerien64.625
70%
3.Philippinen588.305
70%
37.Südafrika44.660
70%
15.Südkorea123.305
70%
12.Portugal139.450
69%
18.Rumänien90.310
69%
8.Vietnam169.250
67%
33.Bangladesch58.735
62%
38.Nigeria42.340
62%
40.Ungarn36.825
61%
25.Kolumbien70.040
60%
17.Haiti93.485
52%
39.Kroatien40.040
51%
31.Taiwan63.770
50%
13.Jamaika138.345
46%
14.Sri Lanka131.995
45%
19.Libanon88.740
43%
36.El Salvador48.075
30%
21.Guyana87.680
24%
28.Trinidad und Tobago65.035
18%

Verteilung der Resultate

Perzentil nach korrekt beantworteten Fragen

Anzahl Personen mit jedem Resultat

Ihre Resultats-Entwicklung

Sie haben dieses Quiz noch nicht gespielt